| 000 | 02205nam a2200325 a 4500 | ||
|---|---|---|---|
| 001 | BRCA_3429 | ||
| 005 | 20190320204258.0 | ||
| 041 | _aita | ||
| 044 | _ait | ||
| 084 |
_a718 _b.B33 _c1625 |
||
| 100 | 1 |
_aCervantes Saavedra, Miguel de _d1547-1616 _9213 |
|
| 245 | 1 | 0 |
_aDell´Ingegnoso Cittadino Don Chisciotte della Mancia _cComposto da Michel di Cervantes Saavedra et hora nuovamente tradotto con defeltá e chiarezza, di Spagnolo, in Italiano da Lorenzo Franciosini Fiorentino. |
| 250 | _a2 | ||
| 260 |
_aVenecia _bAppresso Andrea Baba _c1625 |
||
| 300 |
_a2 v. _c15 cm. |
||
| 500 | _aContenido : v.1. Primera parte. Nota del traductor. Prólogo del autor. -- v.2. Segunda parte. Dedicatoria del traductor | ||
| 500 | _aEdición : In questa Seconda Impressione corretta, e miglioreta con la Traduzione dei Versi Spagnuoli, non tradotti nella prima edizione | ||
| 500 | _aSegunda edición de la primera traducción italiana hecha por Lorenzo Franciosini Fiorentino, y la primera que imprimió ambas partes. Los versos que en la primera edición conservan su lengua original, en ambas partes de la presente están traducidos al italiano por Alejandro Adimaro. Tomó por modelo el texto de la edición española de Bruselas, publicada en 1607. La versión es bastante fiel al original, a pesar de algunas libertades que se ha tomado el traductor como son: convertir en médicos a los dos frailes benedictinos que aparecen montados en mulas, en el capítulo VIII, de la primera parte; cambiar los nombres de Grisóstomo y Ambrosio por los de Mirtilo y Ergasto, y otras. Suprime dedicatorias de Cervantes y el prólogo de éste a la segunda parte. Pergamino Lúdovik Osterc | ||
| 500 | _aEstado físico : Al ejemplar le falta el vo. 2 | ||
| 500 | _aQM538 | ||
| 546 | _aTexto en : italiano | ||
| 650 | 1 | 4 |
_aNovela española _yÉpoca clásica, 1500-1700 _9215 |
| 650 | 1 | 4 |
_aLiteratura española _yÉpoca clásica, 1500-1700 _9216 |
| 650 | 1 | 4 |
_aNovela española _ySiglo XVII _9217 |
| 650 | 1 | 4 |
_aDon Quijote (Personaje ficticio) _eNovela _9218 |
| 700 | 1 |
_aFranciosini Fiorentino, Lorenzo _eTraductor _98989 |
|
| 740 | 0 | _aEl Ingenioso Hidalgo Don Quijote de la Mancha | |
| 902 | _aQFM | ||
| 942 |
_2lcc _cB |
||
| 999 |
_c3165 _d3165 |
||